BEGER H., LEITFADEN DER TRINKUND BRAUCHWASSERBIOLOGIE.

Bibliographic Details
Main Author: Zmoray, Ivan, 1919-1982 (Author)
Format: Article
Language:Slovak

MARC

LEADER 00000nab a2200000uu 4500
001 vtls011442097
003 SK-MaSNL
005 20260303123246.0
008 230213|1969 xo |||||||||||||||||slo|
015 |a SNBRB 
035 |a (urnnbn)urn:nbn:sk:snk:ar-0031on 
035 |a (uuid)cb8a8bc0-a640-4518-8a33-780a82708f94 
035 |a urn:nbn:sk:snk-abcg6w 
040 |a SNKBUCL  |b slo  |c SNKBUCL  |e AACR2 
041 0 |a slo 
044 |a xo  |c SK 
100 1 |a Zmoray, Ivan,  |d 1919-1982  |4 aut  |9 37723 
245 1 0 |a BEGER H., LEITFADEN DER TRINKUND BRAUCHWASSERBIOLOGIE.  |c I. Zmoray 
773 0 |t Biológia : časopis Slovenskej akadémie vied  |g Roč. 24, č. 8 (1969), s. 642-643 
954 |a odborná, vedecká literatúra pôvodná (slovenská)  |2 lita 
958 |a OND 
958 |a EUIPO 
958 |a article16 
999 |c 1924613  |d 1926543